00630nam a2200241 a 4500001001300000003000900013005001700022008004100039020000800080082001300088100001400101245001700115260002300132300000800155500003500163505001000198650002700208700001400235902000800249942000700257952010900264999001500373nice12345678IN_TiNIC20260116011843.0050524s1957 lona grp 000 0 eng  ac000a248bROS aRoss, K N aSpiritualism aLondonbSpckc1957 a11p aincludes index and biblioraphy2 aindex aSpirituality-Christian1 aRoss, K N bSRS cBK 001040708StackRoom-aHMIbHMId2005-05-24g0.00l0o248 ROSp05552r2005-05-24v0.00w2005-05-24yBK c4464d4464